Golf Brands - Statistics

General Stats
  • This quiz has been taken 150 times
  • The average score is 10 of 30
Answer Stats
Answer % Correct
Callaway
93%
Taylormade
92%
Titleist
88%
Ping
66%
Srixon
62%
Mizuno
58%
Nike
58%
Cobra
51%
Wilson
49%
Cleveland
38%
Bridgestone
32%
Scotty Cameron
31%
Top Flite
30%
Vice
27%
Odyssey
26%
PXG
23%
Noodle
20%
Kirkland
17%
Maxfli
16%
Pinnacle
12%
Takoma
12%
Good Good
10%
Nitro
10%
Ben Hogan
9%
LAB golf
7%
Strata
7%
Spalding
5%
Slazanger
4%
Precept
2%
Volvix
1%
No matching quizzes found
Score Distribution
Percent of People with Each Score
Percentile by Number Answered
Your Score History
You have not taken this quiz